| 000 | 01395cam a22003131i 4500 | ||
|---|---|---|---|
| 003 | SA-RiAUC | ||
| 005 | 20250901093750.0 | ||
| 008 | 250830s1982 su g 001 0 ara c | ||
| 040 |
_aQA-DoQUL _bara _cSA-RiAUC _erda |
||
| 082 | 0 | 4 |
_a214.320532 _qSA-RiAUC |
| 090 |
_a214.320532 _bع و ا |
||
| 100 | 1 |
_aالعوايشة، أحمد _eمؤلف. |
|
| 245 | 1 | 0 |
_aموقف الإسلام من نظرية ماركس للتفسير المادي للتاريخ / _cتأليف أحمد العوايشة. |
| 250 | _aالطبعة الأولى. | ||
| 264 | 1 |
_aمكة المكرمة : _bدار مكة للطباعة والنشر والتوزيع، _c1982 |
|
| 300 |
_a637 صفحة ؛ _c24 سم. |
||
| 336 |
_aنص _btxt _2rdacontent _3كتاب |
||
| 337 |
_aبدون وسيط _bn _2rdamedia |
||
| 338 |
_aمجلد _bnc _2rdacarrier |
||
| 490 | 0 |
_aمركز البحث العلمي وإحياء التراث الإسلامي ؛ _v24 |
|
| 500 | _aيشتمل على كشاف. | ||
| 500 | _aمافوق العنوان : جامعة ام القرى الكتاب الرابع والعشرون. | ||
| 600 | 1 | 7 |
_aماركس، كارل، _d1818-1883 _2aucnm |
| 650 | 7 |
_aالإسلام والماركسية _2aucsh |
|
| 650 | 7 |
_aالإسلام والمادية (فلسفة) _2aucsh |
|
| 650 | 7 |
_aالإسلام والشيوعية _2aucsh |
|
| 942 |
_2ddc _cBOOK _n0 |
||
| 949 |
_aSA-JeALM _d250830 _umohamedma123 _n1 |
||
| 999 |
_c11358 _d11358 |
||